000 00368aas a2200133 4500
008 240222b |||||||| |||| 00| 0 eng d
022 _a13910027
245 _aNivedini-Vol. 6, no. 1 (June 1998)
246 _aA journal on gender studies
260 _aColombo:
_bWomen education and research centre,
_c1998
300 _b203 p.
650 _aGENDER STUDIES
942 _cCR
999 _c4679
_d4679